| 000 | 00843cam a2200193 4500 | ||
|---|---|---|---|
| 008 | 020806n1994 000 0 eng u | ||
| 020 | _a0420470409 | ||
| 035 | _a(Sirsi) u119223 | ||
| 041 | _aeng. | ||
| 100 | _aSmith, A.T.H. | ||
| 245 | _aProperty Offences: the protection of property through the criminal law | ||
| 260 |
_aLondon _bSweet and Maxwell _c1994 |
||
| 300 |
_aci,1037p. _c26cm. |
||
| 520 | _aIntended as an extended account and analysis of the law relating to the protection of property through criminal law. Dealing with all the key property-related offences, the author supplies an analysis of the elements of each offence as well as a consideration of the underlying principles of the civil law relating to property. | ||
| 650 | _aPROPERTY OFFENCES | ||
| 650 | _aPROTECTION OF PROPERTY | ||
| 690 | _aLAW | ||
| 942 | _n0 | ||
| 999 |
_c102273 _d102273 |
||